Statystyki dla Wymień kuby które wygrały Ligę Mistrzów

Kliknij tutaj aby rozwiązać quiz!

Ogólne statystyki

  • Ten quiz został rozwiązany 103 razy
  • Średni wynik to 10 z 22

Statystyki odpowiedzi

ZwycięstwaKlub% Poprawnych
14Real Madryt
99%
5FC Barcelona
91%
6Bayern Monachium
82%
6Liverpool
78%
3Manchester United
78%
7AC Milan
75%
2Juventus
69%
3Inter Mediolan
64%
1Borussia Dortmund
56%
2FC Porto
52%
4Ajax Amsterdam
48%
2Nottingham Forest
38%
1Celtic
28%
1Aston Villa
19%
1Olympique Marsylia
19%
1Steaua Bukareszt
19%
1Hamburger
18%
2Chelsa
15%
1PSV Eindhoven
15%
1Crvena zvezda Belgrad
11%
1Feyenoord Rotterdam
11%
2SL Benfica
8%

Rozkład punktacji

Percentyl według liczby udzielonych odpowiedzi

Procent ludzi z każdym wynikiem

Twoja historia wyników

Nie rozwiązałeś tego quizu